000 01211cam a2200229 a 4500
001 000007139
005 20260305073955.0
008 850116s1979 fr i001 0 spa
020 _z923301S
040 _aDO-SdBNP
_cDLC
_dDLC
082 _a923.6
_bR426p
110 1 _aRepública de Venezuela
_bOrganización de las Naciones Unidas para la Educación, la Ciencia y la Cultura.
_919803
245 1 0 _aPremio Internacional Simón Bolívar /
_cRepública de Venezuela ; Organización de las Naciones Unidas para la Educación, la Ciencia y la Cultura.
260 _aParís :
_bUnesco,
_c1979.
300 _a61 p. ;
_c21 cm.
505 0 _aAcuerdo preliminar entre el Presidente de Venezuela y el Director General de la Unesco -- Discusión del proyecto en el Consejo Ejecutivo de la Unesco -- Decisión del Consejo Ejecutivo -- Estatutos del Premio Internacional Simón Bolívar -- Reglamento Financiero de la Cuenta Especial del Premio Internacional Simón Bolívar -- Resolución de la Conferencia General.
586 _aPremio Internacional Simón Bolívar.
600 1 0 _aBolívar, Simón,
_d1783-1830
_9253
710 1 _aVenezuela.
_919804
710 2 _aUnesco
_919805
910 _aCatalogación por copia / LC
999 _c6920
_d6920